Statistics for Eurovision Country National Finals Quiz

Click here to take the quiz!

General Stats

  • This quiz has been taken 631 times
  • The average score is 27 of 31

Answer Stats

National FinalCountry% Correct
Dansk Melodi Grand PrixDenmark
99%
MelodifestivalenSweden
99%
Melodi Grand PrixNorway
97%
Eesti LaulEstonia
96%
Österreich rockt den Song ContestAustria
95%
Unser Star fürGermany
95%
Sanremo Music FestivalItaly
95%
Uuden Musiikin KilpailuFinland
94%
Eurovision: Your Country Needs You (Suspended)United Kingdom
94%
SöngvakeppninIceland
93%
Lietuvos Dainų DainaLithuania
93%
Festival da CançãoPortugal
93%
Destino EurovisiónSpain
93%
Krajowe EliminacjePoland
90%
Festivali i KëngësAlbania
89%
Eurosong on the The Late Late ShowIreland
89%
Beovizija (discontinued)Serbia
89%
Die Grosse EntscheidungsshowSwitzerland
88%
Skopje FestFYR Macedonia
87%
EirodziesmaLatvia
87%
Selecţia NaţionalăRomania
87%
EMASlovenia
85%
Nationaal SongfestivalNetherlands
82%
A DalHungary
81%
EurosongBelgium
80%
O melodie pentru EuropaMoldova
80%
Kdam EurovisionIsrael
66%
_____ Song for EuropeMalta
66%
Milli Seçim TuruAzerbaijan
65%
EurofestBelarus
64%
________Song (discontinued)Montenegro
54%

Score Distribution

Percentile by Number Answered

Percent of People with Each Score

Your Score History

You have not taken this quiz